| 000 | 00515nam a2200205Ia 4500 | ||
|---|---|---|---|
| 003 | 0100 | ||
| 008 | 130227s9999 xx 000 0 und d | ||
| 020 | _a9780797441484 | ||
| 040 | _cARRUPELIB | ||
| 050 | _aJF1057.Z5P762 | ||
| 245 | _aPolitical participation in Zimbabwe | ||
| 260 | _aHarare | ||
| 260 | _bAFCAST | ||
| 300 | _axii | ||
| 300 | _b 292p 21cm | ||
| 650 |
_bBible OT - Criticism _912391 |
||
| 700 |
_aKaulemu, David (ed) _919734 |
||
| 700 |
_aKaulem, David ed. _919735 |
||
| 942 |
_2lcc _cMONOGRAPH |
||
| 999 |
_c1625 _d1625 |
||